Statistiken für Torschützenkönige Premier League

Klicken Sie hier um das Quiz zu spielen!

Allgemein

  • Dieses Quiz wurde 338 mal gespielt
  • Das Durchschnittsergebnis liegt bei 24 aus 64

Antwortstatistiken

SaisonNameVerein% Korrekt
2015/16Harry KaneTottenham Hotspur
97%
2016/17Harry KaneTottenham Hotspur
97%
2018/19Mohamed SalahFC Liverpool
96%
2017/18Mohamed SalahFC Liverpool
96%
2019/20Jamie VardyLeicester City
95%
2018/19Sadio ManeFC Liverpool
92%
2014/15Sergio AgueroManchester City
92%
2005/06Thierry HenryFC Arsenal
88%
2004/05Thierry HenryFC Arsenal
88%
2003/04Thierry HenryFC Arsenal
88%
2001/02Thierry HenryFC Arsenal
88%
2007/08Cristiano RonaldoManchester United
87%
2009/10Didier DrogbaFC Chelsea
86%
2006/07Didier DrogbaFC Chelsea
86%
1994/95Alan ShearerBlackburn Rovers
79%
1996/97Alan ShearerNewcastle United
79%
1995/96Alan ShearerBlackburn Rovers
79%
2018/19Pierre-Emerick AubameyangFC Arsenal
79%
2012/13Robin van PersieManchester United
74%
2011/12Robin van PersieFC Arsenal
74%
2013/14Luis SuarezFC Liverpool
67%
1998/99Michael OwenFC Liverpool
57%
1997/98Michael OwenFC Liverpool
57%
2002/03Ruud van NistelrooyManchester United
50%
2010/11Carlos TevezManchester City
40%
1989/90Gary LinekerTottenham Hotspur
40%
1984/85Gary LinekerLeicester City
40%
1985/86Gary LinekerFC Everton
40%
2010/11Dimitar BerbatovManchester United
38%
2008/09Nicolas AnelkaFC Chelsea
35%
1993/94Andy ColeNewcastle United
32%
1991/92Ian WrightFC Arsenal
27%
1983/84Ian RushFC Liverpool
25%
1967/68George BestManchester United
23%
1998/99Dwight YorkeManchester United
19%
1992/93Teddy SheringhamTottenham Hotspur
17%
2000/01Jimmy Floyd HasselbainkFC Chelsea
11%
1998/99Jimmy Floyd HasselbainkLeeds United
11%
1981/82Kevin KeeganFC Southampton
10%
1990/91Alan SmithFC Arsenal
8%
1988/89Alan SmithFC Arsenal
8%
1999/2000Kevin PhillipsAFC Sunderland
7%
1972/73Pop RobsonWest Ham United
4%
1997/98Chris SuttonBlackburn Rovers
3%
1986/87Clive AllenTottenham Hotspur
2%
1997/97Dion DublinCoventry City
2%
1968/69Jimmy GreavesTottenham Hotspur
2%
1976/77Andy GrayAston Villa
1%
1971/72Francis LeeManchester City
1%
1987/88John AldridgeFC Liverpool
1%
1966/67Ron DaviesFC Southampton
1%
1967/68Ron DaviesFC Southampton
1%
1970/71Tony BrownWest Bromwich Albion
1%
1977/78Bob LatchfordFC Everton
0%
1978/79Frank WorthingtonBolton Wanderers
0%
1969/70Jeff AstleWest Bromwich Albion
0%
1982/83Luther BlissettFC Watford
0%
1974/75Malcolm MacdonaldNewcastle United
0%
1976/77Malcolm MacdonaldFC Arsenal
0%
1973/74Mick ChannonFC Southampton
0%
1980/81Peter WitheAston Villa
0%
1979/80Phil BoyerFC Southampton
0%
1980/81Steve ArchibaldTottenham Hotspur
0%
1975/76Ted MacDougallNorwich City
0%

Verteilung der Resultate

Perzentil nach korrekt beantworteten Fragen

Anzahl Personen mit jedem Resultat

Ihre Resultats-Entwicklung

Sie haben dieses Quiz noch nicht gespielt